University Home | Library Home | Institutional Repository

Malawi National Library Service Board (Record no. 9809)

MARC details
000 -LEADER
fixed length control field 00467cas a2200145 4500
008 - FIXED-LENGTH DATA ELEMENTS--GENERAL INFORMATION
fixed length control field 150903n eng u
035 ## - SYSTEM CONTROL NUMBER
System control number (Sirsi) a191993
050 ## - LIBRARY OF CONGRESS CALL NUMBER
Classification number Z857.M2
245 ## - TITLE STATEMENT
Title Malawi National Library Service Board
260 ## - PUBLICATION, DISTRIBUTION, ETC.
Place of publication, distribution, etc. Lilongwe
Name of publisher, distributor, etc. Malawi National Library Service Board
310 ## - CURRENT PUBLICATION FREQUENCY
Current publication frequency Irregular
362 ## - DATES OF PUBLICATION AND/OR SEQUENTIAL DESIGNATION
Dates of publication and/or sequential designation No. 7, 1987 - No. 27, 2000
520 ## - SUMMARY, ETC.
Summary, etc. This Journal publishes articles concerning the Malawi library service
650 ## - SUBJECT ADDED ENTRY--TOPICAL TERM
Topical term or geographic name entry element Library Service
Holdings
Withdrawn status Lost status Source of classification or shelving scheme Damaged status Not for loan Home library Current library Shelving location Total Checkouts Full call number Barcode Date last seen Copy number Price effective from Koha item type
    Library of Congress Classification     Main Library Main Library Serials   Z857.M2 272000 08/12/2019 1 08/12/2019 Periodical
    Library of Congress Classification     Main Library Main Library Serials   Z857.M2 71987 08/12/2019 2 08/12/2019 Periodical
© 2026 - The University of Zambia Library - Koha v25.11